LEADER 00968nam a22002411i 4500 001 991003739649707536 005 20040628140544.0 008 040802s1839 it |||||||||||||||||ita 035 $ab13120323-39ule_inst 035 $aARCHE-107293$9ExL 040 $aBiblioteca Interfacoltà$bita$cA.t.i. Arché s.c.r.l. Pandora Sicilia s.r.l. 082 04$a853.7 100 1 $aGrossi, Tommaso$0179687 245 10$aIldegonda ; La fuggitiva ; e Ulrico e Lida :$bnovelle /$cdi Tommaso Grossi . La Pia : leggenda / di B. Sestini 260 $aFirenze :$bG. Moro,$c1839 300 $a340 p. ;$c11 cm 700 1 $aSestini, Bartolomeo 907 $a.b13120323$b02-04-14$c05-08-04 912 $a991003739649707536 945 $aLE002 Fondo Giudici P 1167$g1$iLE002G-14893$lle002$nC. 1$o-$pE0.00$q-$rn$so $t0$u0$v0$w0$x0$y.i13755833$z05-08-04 996 $aIldegonda ; La fuggitiva ; e Ulrico e Lida$9308150 997 $aUNISALENTO 998 $ale002$b05-08-04$cm$da $e-$fita$git $h0$i1 LEADER 01910nam 2200601 450 001 9910787293903321 005 20230803205930.0 010 $a0-8093-3359-7 035 $a(CKB)3710000000271301 035 $a(OCoLC)899009291 035 $a(CaPaEBR)ebrary10981155 035 $a(SSID)ssj0001367339 035 $a(PQKBManifestationID)11746828 035 $a(PQKBTitleCode)TC0001367339 035 $a(PQKBWorkID)11444803 035 $a(PQKB)10048774 035 $a(MiAaPQ)EBC1829615 035 $a(OCoLC)894739233 035 $a(MdBmJHUP)muse35552 035 $a(Au-PeEL)EBL1829615 035 $a(CaPaEBR)ebr10981155 035 $a(CaONFJC)MIL659384 035 $a(EXLCZ)993710000000271301 100 $a20141119h20142014 uy 0 101 0 $aeng 135 $aurcnu|||||||| 181 $ctxt 182 $cc 183 $acr 200 10$aAdult literacy and American identity $ethe Moonlight schools & Americanization programs /$fSamantha NeCamp 210 1$aCarbondale, Illinois :$cSouthern Illinois University Press,$d2014. 210 4$d©2014 215 $a1 online resource (198 p.) 300 $aBibliographic Level Mode of Issuance: Monograph 311 $a1-322-28104-1 311 $a0-8093-3358-9 320 $aIncludes bibliographical references and index. 606 $aLiteracy$zAppalachian Region$xHistory$y20th century 606 $aAdult education$zAppalachian Region$xHistory$y20th century 606 $aAmericanization 615 0$aLiteracy$xHistory 615 0$aAdult education$xHistory 615 0$aAmericanization. 676 $a374/.0124 686 $aLAN010000$aLAN020000$aEDU002000$2bisacsh 700 $aNeCamp$b Samantha$01536418 801 0$bMiAaPQ 801 1$bMiAaPQ 801 2$bMiAaPQ 906 $aBOOK 912 $a9910787293903321 996 $aAdult literacy and American identity$93785176 997 $aUNINA